000 00662 a2200205 4500
010 _aENG-86004
020 _a007063629X
_c450.00
035 _aEN-69537
037 _bD.B.Act / Pub
082 1 4 _a332.632042
090 _c4048
_d4048
100 1 _aPring, Martin J.
245 1 _aCandlesticks explained
_cby Martin J. Pring
260 _aNew Delhi
_bTata Mc-Graw Hill Publishing
_c2007
270 _a7, West Patel Nagar
_bNew Delhi
_e110 008
300 _aviii, 231 p.
_c24 cm. (Pbk.)
_b+ CD Rom
500 _aIncludes index
942 _adpl
_cEN
_k332.632042 / PRI
999 _c3965
_d3965